[Event "Serbia-chT"]
[Site "Jahorina"]
[Date "2001.08.12"]
[Round "2"]
[White "Drincic, Igor"]
[Black "Kelecevic, Mladen"]
[Result "1-0"]
[WhiteElo "2126"]
[BlackElo "2337"]
[PlyCount "51"]
[EventDate "2001.08.11"]
[EventType "team"]
[EventRounds "9"]
[EventCountry "YUG"]
[SourceTitle "EXT 2002"]
[Source "ChessBase"]
[SourceDate "2001.11.25"]
[SourceVersion "1"]
[SourceVersionDate "2001.11.25"]
[SourceQuality "1"]

1. d4 d6 2. c4 g6 3. Nc3 Bg7 4. e4 Nc6 5. Be3 e5 6. d5 Nce7 7. g4 f5 8. gxf5 gxf5 9. Qh5+ Ng6 10. exf5 Nf6 11. Qg5 Nf4 12. Bxf4 exf4 13. Qxg7 Rg8 14. Qh6 Qe7+ 15. Kd2 Ng4 16. Qxf4 Qf6 17. Re1+ Kf7 18. Nf3 Bxf5 19. Nd4 Bd7 20. Qxf6+ Kxf6 21. Bd3 c5 22. dxc6 bxc6 23. Bxh7 Rh8 24. Be4 Ne5 25. b3 Rh4 26. Nf3 1-0

[Event "Serbia-chT"]
[Site "Jahorina"]
[Date "2001.08.11"]
[Round "1"]
[White "Jakovljevic, Vlado"]
[Black "Drincic, Igor"]
[Result "1/2-1/2"]
[WhiteElo "2355"]
[BlackElo "2126"]
[PlyCount "51"]
[EventDate "2001.08.11"]
[EventType "team"]
[EventRounds "9"]
[EventCountry "YUG"]
[SourceTitle "EXT 2002"]
[Source "ChessBase"]
[SourceDate "2001.11.25"]
[SourceVersion "1"]
[SourceVersionDate "2001.11.25"]
[SourceQuality "1"]

1. Nf3 c5 2. c4 g6 3. Nc3 Bg7 4. d4 d6 5. dxc5 Bxc3+ 6. bxc3 dxc5 7. Qxd8+ Kxd8 8. Ng5 Ke8 9. g3 Bd7 10. f3 Nf6 11. h4 Nc6 12. e4 e5 13. Nh3 Na5 14. Bh6 Ke7 15. Nf2 Rac8 16. Nd1 Ne8 17. Ne3 f6 18. 0-0-0 Rd8 19. Be2 Ba4 20. Rxd8 Kxd8 21. f4 exf4 22. gxf4 Kc8 23. Nd5 Bc6 24. e5 f5 25. Rd1 Kb8 26. Bg5 1/2-1/2